<?xml version="1.0" encoding="UTF-8"?><?xml-stylesheet type="text/xsl" href="static/style.xsl"?><OAI-PMH xmlns="http://www.openarchives.org/OAI/2.0/" xmlns:xsi="http://www.w3.org/2001/XMLSchema-instance" xsi:schemaLocation="http://www.openarchives.org/OAI/2.0/ http://www.openarchives.org/OAI/2.0/OAI-PMH.xsd"><responseDate>2026-04-13T01:47:20Z</responseDate><request verb="GetRecord" identifier="oai:www.recercat.cat:20.500.12327/2008" metadataPrefix="marc">https://recercat.cat/oai/request</request><GetRecord><record><header><identifier>oai:recercat.cat:20.500.12327/2008</identifier><datestamp>2025-10-22T11:17:55Z</datestamp><setSpec>com_2072_4428</setSpec><setSpec>com_2072_4427</setSpec><setSpec>col_2072_487898</setSpec></header><metadata><record xmlns="http://www.loc.gov/MARC21/slim" xmlns:dcterms="http://purl.org/dc/terms/" xmlns:xsi="http://www.w3.org/2001/XMLSchema-instance" xmlns:doc="http://www.lyncode.com/xoai" xsi:schemaLocation="http://www.loc.gov/MARC21/slim http://www.loc.gov/standards/marcxml/schema/MARC21slim.xsd">
   <leader>00925njm 22002777a 4500</leader>
   <datafield ind2=" " ind1=" " tag="042">
      <subfield code="a">dc</subfield>
   </datafield>
   <datafield ind2=" " ind1=" " tag="720">
      <subfield code="a">Torguet Pomar, Laura</subfield>
      <subfield code="e">author</subfield>
   </datafield>
   <datafield ind2=" " ind1=" " tag="720">
      <subfield code="a">Zazurca, Lourdes</subfield>
      <subfield code="e">author</subfield>
   </datafield>
   <datafield ind2=" " ind1=" " tag="720">
      <subfield code="a">Martínez, Guillem</subfield>
      <subfield code="e">author</subfield>
   </datafield>
   <datafield ind2=" " ind1=" " tag="720">
      <subfield code="a">Pons-Solé, Gemma</subfield>
      <subfield code="e">author</subfield>
   </datafield>
   <datafield ind2=" " ind1=" " tag="720">
      <subfield code="a">Luque, Jordi</subfield>
      <subfield code="e">author</subfield>
   </datafield>
   <datafield ind2=" " ind1=" " tag="720">
      <subfield code="a">Miarnau, Xavier</subfield>
      <subfield code="e">author</subfield>
   </datafield>
   <datafield ind2=" " ind1=" " tag="260">
      <subfield code="c">2022-06-04</subfield>
   </datafield>
   <datafield ind2=" " ind1=" " tag="520">
      <subfield code="a">Red leaf blotch (RLB) of almond, caused by Polystigma amygdalinum, is an important foliar&#xd;
disease of this nut tree in the Mediterranean basin and especially in Spain. In recent years, the&#xd;
control of this disease has become a key factor in the management of Spanish almond orchards. The&#xd;
management of RLB is not easy due to intrinsic factors of the disease (e.g., long infection and latency&#xd;
periods) and the low number of registered fungicides in this country. From 2015 to 2019, different&#xd;
field trials were conducted in the Lleida region, NE Spain, to evaluate the efficacy of several fungicide&#xd;
products and of application strategies to control this disease. Systemic fungicides, which included&#xd;
fluopyram, trifloxystrobin, and mixtures of fluopyram + trifloxystrobin and pyraclostrobin + boscalid,&#xd;
performed better than contact and penetrant products and showed up to 90% control against RLB.&#xd;
However, the efficacy of the tested fungicides varied depending on the year. In terms of application&#xd;
strategies, when fungicide applications were conducted following specific meteorological conditions&#xd;
(after 15 days from >15 mm rainfalls with ≈10–15 ◦C as the minimum average temperature), their&#xd;
efficacy was comparable to that of calendar-based treatments (every 14, 21, or 31 days from petal&#xd;
fall) but with fewer applications (depending on the year, 2–4 applications as compared with 5–9 for&#xd;
calendar treatments)</subfield>
   </datafield>
   <datafield ind1="8" ind2=" " tag="024">
      <subfield code="a">Torguet, Laura, Lourdes Zazurca, Guillem Martínez, Gemma Pons-Solé, Jordi Luque, and Xavier Miarnau. 2022. "Evaluation Of Fungicides And Application Strategies For The Management Of The Red Leaf Blotch Disease Of Almond". Horticulturae 8 (6): 501. doi:10.3390/horticulturae8060501</subfield>
   </datafield>
   <datafield ind1="8" ind2=" " tag="024">
      <subfield code="a">2311-7524</subfield>
   </datafield>
   <datafield ind1="8" ind2=" " tag="024">
      <subfield code="a">http://hdl.handle.net/20.500.12327/2008</subfield>
   </datafield>
   <datafield ind1="8" ind2=" " tag="024">
      <subfield code="a">https://doi.org/10.3390/horticulturae8060501</subfield>
   </datafield>
   <datafield ind2="0" ind1="0" tag="245">
      <subfield code="a">Evaluation of Fungicides and Application Strategies for the Management of the Red Leaf Blotch Disease of Almond</subfield>
   </datafield>
</record></metadata></record></GetRecord></OAI-PMH>